000 00461nam a22001577a 4500
005 20250716161808.0
008 250716b |||||||| |||| 00| 0 eng d
020 _a0715202758
050 _aBS 2613
_bBAR
100 _aBARCLAY, WILLIAM
245 _aTHE DAILY STUDY BIBLE
_bTHE GOSPLE OF JOHN VOL 2 CHAPTERS 8-12
_cWILLIAM BARCLAY
250 _aREVISED EDITION
260 _aEDINBURGH
_bTHE SAINT ANDREW PRESS
_cc1987
300 _ax, 293p.;
942 _2lcc
_cBK
_n0
999 _c7005
_d7005